• 首页
  • 本馆介绍
  • 公告通知
  • 最新文献
  • 馆藏检索
  • 电子资源
  • 读者导购
  • 参考咨询
  • 我的图书馆
  • 登录
  • 详细信息显示
  • 放入我的书架
  • 预约/预借图书
  • 作者相关作品
  • 分类相关作品
  • 丛书相关作品
  • 出版社相关作品

书目信息

  • 表格格式
  • 工作单格式
  • 卡片格式
题名:
覆盖作物高效管理
    
 
作者: ;王显国 , 刘忠宽 译 ;美国可持续农业研究与教育计划 著
分册:  
出版信息: 北京   电子工业出版社  2016.03
页数: 260页
开本: 26cm
丛书名:
单 册:
中图分类: S316
科图分类:
主题词: 保护地栽培
电子资源:
ISBN: 978-7-121-28095-5
000 01244nam0 2200265 450
001 663
005 20180924092729.95
010    @a978-7-121-28095-5@b精装@dCNY118.00
100    @a20160425d2016 em y0chiy50 ea
101 1  @achi@ceng
102    @aCN@b110000
105    @aab z 000yy
200 1  @a覆盖作物高效管理@9fu gai zuo wu gao xiao guan li@b专著@dManaging cover crops profitably@fSARE著@g王显国,刘忠宽等译@zeng
210    @a北京@c电子工业出版社@d2016.03
215    @a260页@c图,地图@d26cm
305    @a据原书第3版译出
330    @a本书系统地介绍了美国主要覆盖作物及其管理与利用方式。从内容上可分为两部分,第一部分为“总论”,系统地概述了覆盖作物的作用:提高土壤肥力与耕性、防治有害生物,覆盖作物的选择方法,覆盖作物在轮作制和保护耕作制中的利用方式;第二部分为“各论”,按种(或类别)具体描述了各种覆盖作物的适宜区域、作用与功能、建植与管理措施、适宜的农作制度以及与其他种类的对比特性。
510 1  @aManaging cover crops profitably@zeng
606 0  @a保护地栽培
690    @aS316@v5
702  0 @a王显国@9wang xian guo@4译
702  0 @a刘忠宽@9liu zhong kuan@4译
711 02 @a美国可持续农业研究与教育计划@9mei guo ke chi xu nong ye yan jiu yu jiao yu ji hua@4著
801  0 @aCN@b91MARC@c20160516
905    @aMuseLib@dS316@e52
    
    覆盖作物高效管理=Managing cover crops profitably/SARE著/王显国,刘忠宽等译.-北京:电子工业出版社,2016.03
    260页:图,地图;26cm
    
    
    ISBN 978-7-121-28095-5(精装):CNY118.00
    本书系统地介绍了美国主要覆盖作物及其管理与利用方式。从内容上可分为两部分,第一部分为“总论”,系统地概述了覆盖作物的作用:提高土壤肥力与耕性、防治有害生物,覆盖作物的选择方法,覆盖作物在轮作制和保护耕作制中的利用方式;第二部分为“各论”,按种(或类别)具体描述了各种覆盖作物的适宜区域、作用与功能、建植与管理措施、适宜的农作制度以及与其他种类的对比特性。
●
相关链接 在E读中查询图书 在五车中查询图书 在当当中查询图书 在豆瓣中查询图书


正题名:覆盖作物高效管理     索取号:S316/52         预约/预借

序号 登录号 条形码 馆藏地/架位号 状态 备注
1 1120099   211200993   第二样本阅览室/ [索取号:S316/52] 在馆    
2 1120100   211201000   第三借阅区/ [索取号:S316/52] 在馆    
3 1120101   211201019   第三借阅区/ [索取号:S316/52] 在馆    
4 1120102   211201028   密集书库-生命科学系/ [索取号:S316/52] 在馆    
唐山师范学院图书馆 欢迎您!
大连网信软件有限公司© 版权所有